• 首页
  • 本馆介绍
  • 公告通知
  • 最新文献
  • 馆藏检索
  • 电子资源
  • 读者导购
  • 参考咨询
  • 我的图书馆
  • 登录
  • 详细信息显示
  • 放入我的书架
  • 预约/预借图书
  • 作者相关作品
  • 分类相关作品
  • 丛书相关作品
  • 出版社相关作品

书目信息

  • 表格格式
  • 工作单格式
  • 卡片格式
题名:
曹植集校注
    
 
作者: 曹植 著
分册:  
出版信息: 北京   人民文学出版社  1984
页数: 597页
开本: 19cm
丛书名:
单 册:
中图分类: I213.62
科图分类:
主题词: 古典文学--注释--中国--三国时代
电子资源:
ISBN:
000 00646nam0 2200241 45
001 0184008463
005 20040419101649.1
010    @dCNY3.50
091    @aCN@b10019.3659
100    @a19950620d1984 em y0chiy0121 ea
101 0  @achi
102    @aCN@b110000
105    @ay z 000zy
106    @ar
200 10 @a曹植集校注@Acao zhi ji jiao zhu@f曹植著
210    @a北京@c人民文学出版社@d1984
215    @a597页@d19cm
606    @a古典文学@x注释@y中国@z三国时代
690    @aI213.62@v3
701  0 @a曹植@Acao zhi@4著
801  0 @aCN@b上海图书馆@c20040419
801  2 @aCN@bNLC@c20040419
905    @f1@b145003@f2@b108122-123@dI213.62@e110
    
    曹植集校注/曹植著.-北京:人民文学出版社,1984
    597页;19cm
    
    
    ISBN :CNY3.50
    
●
相关链接 在E读中查询图书 在五车中查询图书 在当当中查询图书 在豆瓣中查询图书


正题名:曹植集校注     索取号:I213.62/110         预约/预借

序号 登录号 条形码 馆藏地/架位号 状态 备注
1 0108122   000224590   第二借阅区/ [索取号:I213.62/110] 在馆    
2 0108123   000224607   第二借阅区/ [索取号:I213.62/110] 在馆    
3 0108124   000224643   第一样本阅览室/ [索取号:I213.62/110] 在馆    
4 0121597   001589864   密集书库/ [索取号:I213.62/110] 在馆    
5 0121598   001589926   密集书库/ [索取号:I213.62/110] 在馆    
6 0121599   001782002   密集书库/ [索取号:I213.62/110] 在馆    
7 0145002   001782468   密集书库/ [索取号:I213.62/110] 在馆    
8 0145003   000224554   第二借阅区/ [索取号:I213.62/110] 在馆    
唐山师范学院图书馆 欢迎您!
大连网信软件有限公司© 版权所有